| 000 | 00618nam a2200169 a 4500 | ||
|---|---|---|---|
| 001 | 5595 | ||
| 003 | CDMR | ||
| 005 | 20131028140710.0 | ||
| 008 | 130130s2006||||||||||||||||||||||||||||d | ||
| 040 |
_aCDMR _bcat _cCPC GIRONA |
||
| 245 | 0 |
_aTelevisió i família _b: activitats per a debat |
|
| 260 |
_bFòrum d'entitats de persones usuaries de l'Audiovisual _aBarcelona |
||
| 260 |
_c2006 _bConsell de l'Audiovisual de Catalunya |
||
| 300 |
_a39 p. _e+ 1 DVD |
||
| 856 | 4 | 0 |
_uhttp://www.cac.cat/pfw_files/cma/forum/documents/televisio_i_familia__activitats_debat_definitiu.pdf _yDisponible en línia (PDF) |
| 942 |
_cFULLET _2udc |
||
| 999 |
_c5595 _d5595 |
||